Quel personnage de James Bond... - Click Quiz - Statistiques

Statistiques générales
  • Ce quiz a été pris 291 fois
  • Le résultat moyen est 10 sur 16
Statistiques - réponses
Hint Réponse % Correct
Préfère son vodka martini au shaker. James Bond
94%
Il (mais aussi elle) est à la tête du MI6. -M-
90%
Invente toute sorte de gadgets pour le MI6. -Q-
88%
Est la secrétaire du personnage précédent. Miss Moneypenny
84%
Porte un nom doublement en hommage à Proust. Madeleine Swann
76%
Remplace brièvement le personnage précédent. -R-
74%
A réussi à perdre 100 millions alors qu'il avait un full house en main. Le Chiffre
70%
Est muet comme une carpe et est complètement marteau. Requin
67%
Travaille en temps qu'agent de la CIA. Felix Leiter
66%
Est le chef du KGB. Entretient tout de même des relations plutôt positives avec le MI6. Général Gogol
66%
A inventé le réseau TARTAR. Puis, comme ça ne sonnait pas bien, il a opté pour SPECTRE. Ernst Stavro Blofeld
65%
Aime s'envoyer en l'air. Elle est pilote d'avion. Pussy Galore
52%
Ramasse des coquillages en bikini mais armée d'un couteau. Honey Ryder
50%
A des prothèses en métal en guise de bras. Dr No
42%
Est à base de vodka, gin, citr... ah mince j'ai confondu le cocktail et le personnage ! Vesper Lynd
39%
Est incarnée sous les traits de Dr Quinn, femme médecin. Solitaire
25%
Aucun quiz correspondant
Distribution des résultats
% des personnes avec chaque résultat
Percentile par nombre de réponses
Votre historique - résultats
Vous n’avez pas pris ce quiz